Market citizenship (Record no. 480604)

MARC details
000 -LEADER
fixed length control field 01514cam a2200361 a 4500
001 - CONTROL NUMBER
control field EDZ0000077434
003 - CONTROL NUMBER IDENTIFIER
control field StDuBDS
005 - DATE AND TIME OF LATEST TRANSACTION
control field 20161031105146.0
006 - FIXED-LENGTH DATA ELEMENTS--ADDITIONAL MATERIAL CHARACTERISTICS--GENERAL INFORMATION
fixed length control field m||||||||d||||||||
007 - PHYSICAL DESCRIPTION FIXED FIELD--GENERAL INFORMATION
fixed length control field cr |||||||||||
008 - FIXED-LENGTH DATA ELEMENTS--GENERAL INFORMATION
fixed length control field 120419s2007 cau fo| 001|0|eng|d
020 ## - INTERNATIONAL STANDARD BOOK NUMBER
International Standard Book Number 9781446221440 (ebook) :
Terms of availability No price
040 ## - CATALOGING SOURCE
Original cataloging agency StDuBDS
Language of cataloging eng
Transcribing agency StDuBDS
Description conventions pn
049 ## - LOCAL HOLDINGS (OCLC)
Holding library Alfaisal Main Library
050 #0 - LIBRARY OF CONGRESS CALL NUMBER
Classification number JF801
Item number .R66 2007
082 04 - DEWEY DECIMAL CLASSIFICATION NUMBER
Classification number 323.6
Edition number 23
100 1# - MAIN ENTRY--PERSONAL NAME
Personal name Root, Amanda,
Dates associated with a name 1956-
245 10 - TITLE STATEMENT
Title Market citizenship
Medium [electronic resource] :
Remainder of title experiments in democracy and globalization /
Statement of responsibility, etc Amanda Root.
260 ## - PUBLICATION, DISTRIBUTION, ETC. (IMPRINT)
Place of publication, distribution, etc Los Angeles, [Calif.] ;
-- London :
Name of publisher, distributor, etc SAGE,
Date of publication, distribution, etc 2007.
300 ## - PHYSICAL DESCRIPTION
Extent 1 online resource (ix, 188 p.)
520 8# - SUMMARY, ETC.
Summary, etc Drawing on exhaustive empirical materials, the author argues for a new paradigm of social relations: market citizenship. As a compelling account of the past and future of citizenship, this book provides a comprehensive and authoritative view of citizenship, and links citizenship to topical and practical concerns.
521 ## - TARGET AUDIENCE NOTE
Target audience note Specialized.
588 ## -
-- Description based on print version record.
504 ## - BIBLIOGRAPHY, ETC. NOTE
Bibliography, etc Includes bibliographical references and index.
650 #0 - SUBJECT ADDED ENTRY--TOPICAL TERM
Topical term or geographic name as entry element Citizenship.
650 #0 - SUBJECT ADDED ENTRY--TOPICAL TERM
Topical term or geographic name as entry element Democracy.
650 #0 - SUBJECT ADDED ENTRY--TOPICAL TERM
Topical term or geographic name as entry element Globalization.
655 #7 - INDEX TERM--GENRE/FORM
Genre/form data or focus term Electronic books.
Source of term local
710 2# - ADDED ENTRY--CORPORATE NAME
Corporate name or jurisdiction name as entry element Sage eBooks
776 08 - ADDITIONAL PHYSICAL FORM ENTRY
Display text Print version :
International Standard Book Number 9780761974444
856 40 - ELECTRONIC LOCATION AND ACCESS
Uniform Resource Identifier <a href="http://ezproxy.alfaisal.edu/login?url=http://sk.sagepub.com/books/market-citizenship">http://ezproxy.alfaisal.edu/login?url=http://sk.sagepub.com/books/market-citizenship</a>
942 ## - ADDED ENTRY ELEMENTS (KOHA)
Source of classification or shelving scheme Library of Congress Classification
Koha item type eBooks

No items available.

Copyright © 2020 Alfaisal University Library. All Rights Reserved.
Tel: +966 11 2158948 Fax: +966 11 2157910 Email:
librarian@alfaisal.edu